Lo que queda a los jóvenes: capital social, trabajo y juventud en varones pobles del Gran Buenos Aires /
Gardado en:
| Autor Principal: | |
|---|---|
| Formato: | Texto |
| Materias: | |
| Etiquetas: |
Engadir etiqueta
Sen Etiquetas, Sexa o primeiro en etiquetar este rexistro!
|
MARC
| LEADER | 00000 a a2200000 04500 | ||
|---|---|---|---|
| 001 | 17482 | ||
| 003 | |||
| 040 | |||
| 100 | |a Longo, María Eugenia | ||
| 245 | |a Lo que queda a los jóvenes: |b capital social, trabajo y juventud en varones pobles del Gran Buenos Aires / |c María Eugenia Longo | ||
| 650 | |a JUVENTUD | ||
| 650 | |a VARONES | ||
| 650 | |a CAPITAL SOCIAL | ||
| 650 | |a EMPLEO | ||
| 650 | |a TRABAJO | ||
| 650 | |a SOCIALIZACION | ||
| 773 | |g número 74; páginas 31-41 | ||
| 999 | |c 37906 |d 37906 | ||
